000 00548nam a2200181Ia 4500
001 20133
005 20260306172744.0
008 260306t2003||||xx |||||||||||||| ||spa||
041 _aESP
082 _a342.52
_bM514
100 _aMahiques, Carlos A.
_eAUT
245 0 _aLa noción jurídica de tortura:
_by de penas y tratamientos crueles, inhumanos o degradantes, en el derecho penal internacional, un nuevo jus commune
260 _c2003
300 _a383 páginas :
_c23 cm.
650 _aGEN
654 _aCDE
942 _cLIB
_dJUS
_fJUS
_2ddc
_n
999 _c20133
_d20133